[Event "SLO-chT1 West"]
[Site "Ljubljana"]
[Date "2015.11.27"]
[Round "7"]
[White "Podkoritnik, Stanko"]
[Black "Skok, Joze"]
[Result "0-1"]
[WhiteElo "2055"]
[BlackElo "1999"]
[PlyCount "122"]
[EventDate "2015.10.16"]
[EventType "team-tourn"]
[EventRounds "9"]
[EventCountry "SLO"]
[SourceTitle "EXT 2019"]
[Source "ChessBase"]
[SourceDate "2018.10.10"]
[SourceVersion "1"]
[SourceVersionDate "2018.10.10"]
[SourceQuality "1"]
[WhiteTeam "Kocevje"]
[BlackTeam "Domzale"]
[WhiteTeamCountry "SLO"]
[BlackTeamCountry "SLO"]

1. e4 c6 2. d4 d5 3. exd5 cxd5 4. Nf3 Nc6 5. Be2 Bg4 6. c3 e6 7. Bf4 Bd6 8. Bg3 Nf6 9. Nbd2 0-0 10. Ne5 Bxe2 11. Qxe2 Qc7 12. f4 Rfe8 13. 0-0 Nd7 14. Rae1 f6 15. Nxd7 Qxd7 16. Qd3 g6 17. Re2 Re7 18. Qf3 Rae8 19. Rfe1 Kg7 20. Nf1 b5 21. a3 a5 22. Bh4 b4 23. axb4 axb4 24. Ne3 Rf8 25. Ng4 h6 26. Qe3 Qc7 27. Rf1 h5 28. Bxf6+ Rxf6 29. Nxf6 Kxf6 30. Qg3 Kg7 31. Qg5 Nd8 32. Re3 Nf7 33. Qh4 Nh6 34. Re2 Nf5 35. Qe1 Bxf4 36. g3 Bxg3 37. hxg3 Nxg3 38. Re5 Nxf1 39. Kxf1 bxc3 40. bxc3 Qc4+ 41. Kg2 Qc6 42. Qe3 Qe8 43. Qf3 Qb5 44. Qe3 Rf7 45. Qe1 Qd3 46. Re3 Qf5 47. Rxe6 Qg4+ 48. Kh2 h4 49. Qe5+ Kh7 50. Qe3 Qf3 51. Re7 Qg3+ 52. Kh1 Qxe3 53. Rxe3 Kh6 54. Kg2 g5 55. Re5 Rc7 56. Re6+ Kh5 57. Kf2 Kg4 58. Kg2 Ra7 59. Re5 Ra2+ 60. Kg1 h3 61. Re3 Kh4 0-1

[Event "Ljubljana-chT 66th 1st League"]
[Site "Ljubljana"]
[Date "2013.02.14"]
[Round "5.2"]
[White "Podkoritnik, Stanko"]
[Black "Novakovic, Gosto"]
[Result "1-0"]
[WhiteElo "2030"]
[BlackElo "1813"]
[PlyCount "41"]
[EventDate "2013.01.10"]
[EventType "team-tourn"]
[EventRounds "9"]
[EventCountry "SLO"]
[SourceTitle "EXT 2022"]
[Source "ChessBase"]
[SourceDate "2021.10.06"]
[SourceVersion "1"]
[SourceVersionDate "2021.10.06"]
[SourceQuality "1"]
[WhiteTeam "Kocevje"]
[BlackTeam "Zelenci LPP"]
[WhiteTeamCountry "SLO"]
[BlackTeamCountry "SLO"]

1. e4 c5 2. Nf3 Nc6 3. d4 e6 4. d5 exd5 5. exd5 Qe7+ 6. Be2 Ne5 7. Nxe5 Qxe5 8. 0-0 Bd6 9. g3 Ne7 10. c4 h5 11. h4 Nf5 12. Bd3 Kd8 13. Re1 Qd4 14. Bxf5 Qxc4 15. Nc3 Qa6 16. a4 Be7 17. d6 Bf6 18. Nb5 Qb6 19. Bg5 Bxg5 20. hxg5 Re8 21. Rxe8+ 1-0

[Event "SLO-chT2 West"]
[Site "Slovenia"]
[Date "2010.11.07"]
[Round "4.2"]
[White "Belamaric, Goran"]
[Black "Podkoritnik, Stanko"]
[Result "1-0"]
[WhiteElo "2256"]
[BlackElo "2060"]
[PlyCount "69"]
[EventDate "2010.11.05"]
[EventType "team-tourn"]
[EventRounds "9"]
[EventCountry "SLO"]
[SourceTitle "EXT 2022"]
[Source "ChessBase"]
[SourceDate "2021.10.06"]
[SourceVersion "1"]
[SourceVersionDate "2021.10.06"]
[SourceQuality "1"]

1. e4 e6 2. d4 d5 3. e5 c5 4. Nf3 Nc6 5. Bd3 Nxd4 6. Nxd4 cxd4 7. Nd2 Qc7 8. Nf3 Bd7 9. 0-0 Ne7 10. Bf4 Qb6 11. Qe2 Rc8 12. a3 Ng6 13. Bg3 a6 14. Rfd1 Be7 15. h4 f6 16. h5 Nxe5 17. Nxe5 fxe5 18. Bxe5 Bf6 19. h6 Kf7 20. hxg7 Kxg7 21. Qg4+ Kf7 22. Qf3 Qd8 23. Bxd4 Kg7 24. Qg4+ Kf7 25. Qh5+ Ke7 26. Bxf6+ Kxf6 27. Re1 Qg8 28. Re3 h6 29. Qe5+ Ke7 30. Rg3 Qf8 31. Rf3 Qg8 32. Re1 Qg5 33. Rf5 Qg8 34. Rf6 Qg5 35. Rxe6+ 1-0

[Event "SLO Cup"]
[Site "Otocec"]
[Date "2009.05.23"]
[Round "3"]
[White "Bulatovic, Milorad"]
[Black "Podkoritnik, Stanko"]
[Result "1/2-1/2"]
[WhiteElo "1975"]
[BlackElo "2081"]
[PlyCount "38"]
[EventDate "2009.05.22"]
[EventType "team-tourn"]
[EventRounds "5"]
[EventCountry "SLO"]
[SourceTitle "CBM 130 Extra"]
[Source "ChessBase"]
[SourceDate "2009.07.02"]
[SourceVersion "2"]
[SourceVersionDate "2009.07.15"]
[SourceQuality "1"]

1. b3 b6 2. e3 Bb7 3. Bb2 e6 4. c4 Nf6 5. Nf3 Be7 6. Be2 0-0 7. 0-0 c5 8. d4 d5 9. dxc5 Bxc5 10. Qc2 h6 11. Rd1 Qe7 12. a3 a5 13. Nbd2 Nbd7 14. cxd5 Nxd5 15. Nd4 Rac8 16. Qb1 Bd6 17. Rc1 Rxc1+ 18. Qxc1 Rc8 19. Qb1 Bb8 1/2-1/2

[Event "SLO-chT"]
[Site "Bled"]
[Date "2005.11.12"]
[Round "7"]
[White "Hasanagic, Anel"]
[Black "Podkoritnik, Stanko"]
[Result "1-0"]
[WhiteElo "1962"]
[BlackElo "2112"]
[PlyCount "59"]
[EventDate "2005.11.03"]
[EventType "team"]
[EventRounds "9"]
[EventCountry "SLO"]
[SourceTitle "CBM 109 Extra"]
[Source "ChessBase"]
[SourceDate "2006.01.03"]
[SourceVersion "2"]
[SourceVersionDate "2006.01.03"]
[SourceQuality "1"]

1. e4 e6 2. d4 d5 3. e5 c5 4. c3 Nc6 5. Be3 Qb6 6. Qd2 Bd7 7. Nf3 Rc8 8. dxc5 Bxc5 9. Bxc5 Qxc5 10. Qg5 Kf8 11. Nbd2 Qb6 12. 0-0-0 Nge7 13. h4 h6 14. Qg3 Nf5 15. Qf4 Qxf2 16. g4 Qe3 17. Qa4 Nxe5 18. Qa3+ Ne7 19. Re1 Nd3+ 20. Bxd3 Qxd3 21. Ne5 Qb5 22. Rhf1 f6 23. Ng6+ Kf7 24. Qxe7+ Kxg6 25. Rxf6+ gxf6 26. h5+ Kg5 27. Qg7+ Kh4 28. Qxf6+ Kg3 29. Rg1+ Kh3 30. Rh1+ 1-0

[Event "SLO-chT"]
[Site "Bled"]
[Date "2005.11.11"]
[Round "6"]
[White "Podkoritnik, Stanko"]
[Black "Nikolic, Stanko"]
[Result "1-0"]
[WhiteElo "2112"]
[BlackElo "2018"]
[PlyCount "75"]
[EventDate "2005.11.03"]
[EventType "team"]
[EventRounds "9"]
[EventCountry "SLO"]
[SourceTitle "CBM 109 Extra"]
[Source "ChessBase"]
[SourceDate "2006.01.03"]
[SourceVersion "2"]
[SourceVersionDate "2006.01.03"]
[SourceQuality "1"]

1. e4 c5 2. Nf3 Nc6 3. d4 cxd4 4. Nxd4 e6 5. Be3 Nf6 6. Bd3 Be7 7. c3 d6 8. Nxc6 bxc6 9. 0-0 0-0 10. Nd2 d5 11. e5 Nd7 12. f4 g6 13. Nf3 c5 14. Kh1 Qc7 15. h4 Bb7 16. Qe1 c4 17. Bc2 Nc5 18. Rb1 Rac8 19. Bd4 a5 20. h5 Qd8 21. Qg3 Ne4 22. Qg4 Kh8 23. Bxe4 dxe4 24. Ng5 Bxg5 25. fxg5 Qe7 26. Rf6 Kg7 27. Rbf1 Rcd8 28. Qe2 Qc7 29. Qf2 Rc8 30. Bb6 Qd7 31. Bc5 Rxc5 32. Qxc5 Bc6 33. Qf2 Kg8 34. hxg6 hxg6 35. Rxg6+ Kh7 36. Rh6+ Kg8 37. Qf6 Qd8 38. Rh8# 1-0